• 首页
  • 本馆介绍
  • 公告通知
  • 最新文献
  • 馆藏检索
  • 电子资源
  • 读者导购
  • 参考咨询
  • 我的图书馆
  • 登录
  • 详细信息显示
  • 放入我的书架
  • 预约/预借图书
  • 作者相关作品
  • 分类相关作品
  • 丛书相关作品
  • 出版社相关作品

书目信息

  • 表格格式
  • 工作单格式
  • 卡片格式
题名:
面向21世纪的中国图书情报网络化研究报告
    
 
作者: 黄长 著 ;周文骏 , 袁名敦 主编
分册:  
出版信息: 北京   北京图书馆出版社  2002
页数: 194页
开本: 21cm
丛书名:
单 册:
中图分类: G250.72
科图分类:
主题词: 图书馆学--网络化
电子资源:
ISBN: 7-5013-1879-4
000 00787nam0 2200241 450
001 0650659484
005 20060220141019.68
010    @a7-5013-1879-4@dCNY15.00
092    @aCN
100    @a20060220d2002 km y0chiy0120 ea
101 0  @achi
102    @aCN@b110000
200 1  @a面向21世纪的中国图书情报网络化研究报告@Amian xiang 21 shi ji de zhong guo tu shu qing bao wang luo hua yan jiu bao gao@f黄长著@Fhuang chang zhu@g周文骏,袁名敦主编
210    @a北京@c北京图书馆出版社@d2002
215 1  @a194页@d21cm
300    @a国家社科基金"九五"重大课题
606 0  @a图书馆学@x网络化
690    @aG250.72@v4
701  0 @a黄长@Ahuang chang@4著
702  0 @a周文骏@Azhou wen jun@4主编
702  0 @a袁名敦@Ayuan ming dun@4主编
801  0 @aCN@bPFT@c20060220
905    @a10447@dG250.72@e90
    
    面向21世纪的中国图书情报网络化研究报告/黄长著/周文骏,袁名敦主编.-北京:北京图书馆出版社,2002
    194页;21cm
    国家社科基金"九五"重大课题
    
    ISBN 7-5013-1879-4:CNY15.00
    
●
相关链接 在E读中查询图书 在五车中查询图书 在当当中查询图书 在豆瓣中查询图书


正题名:面向21世纪的中国图书情报网络化研究报告     索取号:G250.72/90         预约/预借

序号 登录号 条形码 馆藏地/架位号 状态 备注
1 0338414   203384140   第一样本阅览室/ [索取号:G250.72/90] 在馆    
2 0338415   203384159   第四借阅区/ [索取号:G250.72/90] 在馆    
3 0338416   203384168   第四借阅区/ [索取号:G250.72/90] 在馆    
唐山师范学院图书馆 欢迎您!
大连网信软件有限公司© 版权所有